| 000 | 01012nam a2200289Ia 4500 | ||
|---|---|---|---|
| 003 | OSt | ||
| 005 | 20221007125126.0 | ||
| 006 | a|||||r|||| 00| 0 | ||
| 007 | ta | ||
| 008 | 221006b |||||||| |||| 00| 0 eng d | ||
| 020 |
_a0471188956 (hbd) _c _ 59.95 |
||
| 024 | _a4619 | ||
| 037 |
_bEBA, _cTextual |
||
| 040 |
_aCDL _cCDL _beng |
||
| 041 |
_2eng _aeng |
||
| 082 | _aE9G,1, N3;N7 | ||
| 100 |
_aCowan J A _9721589 |
||
| 245 | 0 | _aInorganic biochemistry: an introduction by J A Cowan | |
| 250 | _aEd 2 | ||
| 260 |
_aNew _bYork Wiley-VCH _c1997 |
||
| 300 |
_axiv,440p _ccm. |
||
| 500 | _aIncludes bibliographical references; Appendices 419-430p; Index 431-440p; ^n23/CSL/Carc/97-98/4822,4823^d1997-11-20^mPurchase; ; 97-98/165^b1997-12-08^cEBA/137/97-98^d1997-12-02^eEducational Book Agency (India); ; 1997-12-24^bSB^c1997-12-24^r1998-02-17 | ||
| 650 | _a Inorganic | ||
| 650 | _aBiochemistry | ||
| 942 |
_hE9G,1, N3;N7 _cTEXL _2CC |
||
| 999 |
_c1214727 _d1214727 |
||